<?xml version="1.0" encoding="UTF-8"?>
<marc:record xmlns:marc="http://www.loc.gov/MARC21/slim">
   <marc:leader>00000nam a2200000 a 4500</marc:leader>
   <marc:datafield ind1="1" ind2=" " tag="100">
      <marc:subfield code="a">Deaver, Jeffery</marc:subfield>
      <marc:subfield code="4">aut</marc:subfield>
      <marc:subfield code="e">Verfasser/-in</marc:subfield>
   </marc:datafield>
   <marc:datafield ind1="1" ind2=" " tag="100">
      <marc:subfield code="a">Haufschild, Thomas</marc:subfield>
   </marc:datafield>
   <marc:datafield ind1="0" ind2="0" tag="245">
      <marc:subfield code="a">Die Menschenleserin</marc:subfield>
   </marc:datafield>
   <marc:datafield ind1="0" ind2="0" tag="245">
      <marc:subfield code="b">Roman</marc:subfield>
   </marc:datafield>
   <marc:datafield ind1="0" ind2="0" tag="245">
      <marc:subfield code="c">Jeffery Deaver.Übers. von Thomas Haufschild</marc:subfield>
   </marc:datafield>
   <marc:datafield ind1=" " ind2="1" tag="264">
      <marc:subfield code="a">München</marc:subfield>
      <marc:subfield code="b">Blanvalet</marc:subfield>
      <marc:subfield code="c">2008</marc:subfield>
   </marc:datafield>
   <marc:datafield ind1=" " ind2=" " tag="250">
      <marc:subfield code="a">2. Aufl.</marc:subfield>
   </marc:datafield>
   <marc:datafield ind1="1" ind2=" " tag="520">
      <marc:subfield code="a">Spannender Thriller um eine Spezialistin für Körpersprache. (DR) Vor Jahren hatte Daniel Pell eine ganze Familie ausgelöscht - lediglich die Tochter überlebte. Nun gibt es Anzeichen dafür, dass er für weitere Morde verantwortlich ist. Deshalb wird die Verhörspezialistin und Expertin für Körpersprache Kathryn Dance auf ihn angesetzt. Doch dann kommt es zur Katastrophe - Daniel Pell, Meister im Manipulieren von Menschen, entkommt aus der Haft und liefert sich mit der Ermittlerin ein spannendes Katz- und Mausspiel. Kathryn Dance, die bereits in "Der gehetzte Uhrmacher" einen Gastauftritt hatte, ist diesmal die Heldin des Buches. So wie Lincoln Rhymes, Held vieler anderer Thriller von Deaver, Tatorte "liest", entschlüsselt Dance aufgrund von Körpersprache, Tonfall und Wortwahl Stimmungen und Befindlichkeiten von Menschen. Ein interessanter Aspekt, der durchaus glaubwürdig präsentiert wird. Insgesamt ist Deaver wieder ein spannender Thriller mit authentisch gezeichneten Figuren gelungen - allen Bibliotheken zu empfehlen. *bn* Anita Ruckerbauer</marc:subfield>
   </marc:datafield>
   <marc:datafield ind1=" " ind2=" " tag="020">
      <marc:subfield code="a">97837645028</marc:subfield>
      <marc:subfield code="9">97837645028</marc:subfield>
   </marc:datafield>
   <marc:datafield ind1=" " ind2=" " tag="020">
      <marc:subfield code="a">3764502835</marc:subfield>
      <marc:subfield code="9">3764502835</marc:subfield>
   </marc:datafield>
   <marc:datafield ind1=" " ind2=" " tag="500">
      <marc:subfield code="a">Übers. aus dem Amerikan.</marc:subfield>
   </marc:datafield>
   <marc:datafield ind1=" " ind2=" " tag="300">
      <marc:subfield code="a">541 S.</marc:subfield>
   </marc:datafield>
</marc:record>
